01373nam a22002657a 45000010005000000030006000050050017000110080041000280200018000690400029000870500012001160820008001281000031001362450084001672500041002512600039002923000045003315050007003765200609003835210018009925210018010106500023010286500030010517000026010816891FISKH20250820084744.0250604b cb ||||| |||| 00| 0 eng d a9781618103246 aFISKHbengcFISKHdFISKH aPZ7.S45 a823 aSelleck, Richards Richelle aLittle red riding hood /cBy Richelle Richards Selleck ; Illustrated by Ed Myer aThis edition first published in 2013 aShenzhen :bRourkeeducation,c2013 a24 pages :bcolor illustrations ;c21 cm aL  aThis Is A Rhyming Twist On The Tale Of Red Riding Hood. All The Animals Are Discovering That Food Is Missing And All They See Is A Red Blur As They Try To Unravel The Mystery Of Who Could Be Doing This. When They Arrive At Little Red's House They Determine It Was Her And She Was Feeding Wolf Pups With The Food She Had Taken Because They Had No Mother. Astonished, Because Wolves Were Their Enemies, They Decide To Transport The Tiny Wolf Pups To Yellowstone. Teaching Focus, Words To Know Before You Read, Comprehension And Extension Activities. Inside Front And Back Cover Parent And Teacher Support. 8 a520 bLexile 8 aL bRaz-Plus  2FolktalesaFiction 2Picture bookaFairy tales aMyer, Eddillustrator